| 000 | 02571nam2a2200325 4500 | ||
|---|---|---|---|
| 001 | RU\NLR\BIBL_A\022475875 | ||
| 005 | 20260426070545.0 | ||
| 010 |
_a978-5-8381-0487-8 _9500 |
||
| 021 |
_aRU _bКН-П-24-085632 _9КН-П-24-8506 |
||
| 035 | _a(NLR Aleph) 022475875 | ||
| 090 |
_a13691491 _c13691491 |
||
| 100 | _a20250303d2024 k y0rusy50 ca | ||
| 101 | 0 |
_arus _achi _deng |
|
| 102 | _aRU | ||
| 105 | _aac||z|||100yy | ||
| 200 | 0 |
_a2024 _eизбранные материалы Международной научной конференции Китай и Восточная Азия: философия, литература, культура", [Москва, июнь 2024 г.] _fМинистерство науки и высшего образования Российской Федерации, Институт Китая и современной Азии Российской академии наук, Центр изучения культуры Китая _gответственный редактор: В. Б. Виногродская |
|
| 210 |
_aМосква _cИКСА РАН _d2024 |
||
| 215 |
_a283, [3] с. _cил., портр., цв. ил. |
||
| 300 | _aЧасть текста кит.; Рез. англ. | ||
| 320 | _aБиблиогр. в конце ст. | ||
| 461 | 0 |
_1001RU\NLR\bibl\1909876 _12001#$aЧеловек и культура Востока$eисследования и переводы$e[материалы постоянно действующего семинара$fсост. и отв. ред.: к.ф.н. В.Б. Виногродская]$v2024 _93028278 _cМосква _d2009 _fсост. и отв. ред.: к.ф.н. В.Б. Виногродская] _nИДВ РАН _oисследования и переводы : [материалы постоянно действующего семинара _tЧеловек и культура Востока _v2024 |
|
| 606 | 1 |
_aКитайская литература _jСъезды, совещания и т.п _91200335 _3RU\NLR\AUTH\66485802 |
|
| 686 | 1 | _aШ5(5Кит)я431 | |
| 702 | 1 |
_4340 _7ca _8rus _aВиногродская _bВ. Б. _gВероника Брониславовна _948795 _3RU\NLR\AUTH\7765866 |
|
| 711 | 1 | 2 |
_a"Китай и Восточная Азия: философия, литература, культура", международная научная конференция _d25 _eМосква _f2024 _92656835 _3RU\NLR\AUTH\880624467 |
| 942 | _cBOOK | ||
| 980 | _aNB | ||